00460nam a2200145Ia 4500082001900000245003500019260004700054300000900101440003400110650002600144650005700170650003800227700002900265700002000294 aRR 911.54 HIS- 0aHistorical atlas of South Asia aChicagobUniversity of Chicago Pressc1978 av.p. aAssociation for Asian studies aAtlassesvAsia, South aAsia, SouthvHistorical geographyvMapsvAsia, South aAsia, SouthvHistoryvAsia, South a Schwartzberg, Joseph E. a Wheatley; Paul